[Event "Tournefeuille2-Muret"]
[Site "Tournefeuille"]
[Date "2006.11.26"]
[Round "2.4"]
[White "Pastorelli, Loic"]
[Black "Treinsoutrot, Victor"]
[Result "1/2-1/2"]
[WhiteElo "1808"]
[BlackElo "1894"]
[EventDate "2006.??.??"]
[PlyCount "176"]

1.Nf3 d5 2.c4 c6 3.a3 dxc4 4.e4 b5 5.b3 cxb3 6.Qxb3 Bb7 7.Bb2 e6 8.Nc3 a6 
9.d4 Nf6 10.Bd3 c5 11.Rd1 c4 12.Bxc4 Nxe4 13.Be2 Nxc3 14.Bxc3 Bd5 15.Qb2 
Be7 16.O-O O-O 17.Ne5 Nd7 18.Rd3 Nb6 19.Rh3 Na4 20.Qd2 Nxc3 21.Qxc3 Rc8 
22.Qg3 Be4 23.Rd1 Bf5 24.Bg4 Bxg4 25.Qxg4 g6 26.Nd3 Bf6 27.Nc5 Bg7 28.Nxa6
Bxd4 29.Rhd3 e5 30.Kf1 Qb6 31.Nb4 Rc4 32.Qf3 Qe6 33.Qb7 Qb6 34.Qd7 Bxf2 
35.Nd5 Qc5 36.Nf6+ Kg7 37.Ne8+ Kh8 38.Nd6 Rf4 39.Rf3 Qc2 40.Nxb5 Be3 41.
Qd5 Rxf3+ 42.Qxf3 Qc4+ 43.Qe2 Qxe2+ 44.Kxe2 Bf4 45.g3 Bh6 46.a4 Rc8 47.Kf3
f5 48.Rd5 e4+ 49.Kg2 Rc2+ 50.Kh3 Ra2 51.Rd4 e3 52.Nc3 e2 53.Rd8+ Kg7 54.
Re8 Ra3 55.Nxe2 Rxa4 56.Re7+ Kg8 57.Nc3 Ra5 58.Rd7 Bg7 59.Nd5 Ra8 60.Nc7 
Ra7 61.Rd8+ Bf8 62.Ne6 Rf7 63.Kg2 Rf6 64.Nf4 h6 65.Nd5 Rf7 66.Kf3 g5 67.h4
Kh7 68.h5 Bg7 69.Rd6 f4 70.gxf4 Be5 71.Rg6 gxf4 72.Ke4 Bg7 73.Nxf4 Re7+ 
74.Ne6 Bb2 75.Kd5 Rf7 76.Kd6 Rf5 77.Rg2 Ba3+ 78.Kd7 Rxh5 79.Rg3 Bc1 80.
Nf8+ Kh8 81.Ng6+ Kg7 82.Nf4+ Rg5 83.Ne6+ Kg6 84.Nxg5 hxg5 85.Ke6 Bf4 86.
Rg4 Kh5 87.Kf5 Kh6 88.Rxf4 gxf4 1/2-1/2

[Event "Tournefeuille2-Muret"]
[Site "Tournefeuille"]
[Date "2006.11.26"]
[Round "2.3"]
[White "Tarayre, Pascal"]
[Black "Partinico, Jeremy"]
[Result "1-0"]
[WhiteElo "1843"]
[BlackElo "1964"]
[EventDate "2006.??.??"]
[PlyCount "49"]

1.e4 c5 2.Nf3 e6 3.b3 d5 4.exd5 exd5 5.d4 Nc6 6.Bb2 Be6 7.dxc5 Nf6 8.Bd3 
Bxc5 9.O-O O-O 10.Nc3 Rc8 11.Ng5 Bg4 12.Ne2 h6 13.Bxf6 Qxf6 14.Nh7 Qh4 15.
Nxf8 Nd4 16.Qd2 Kxf8 17.Nxd4 Bxd4 18.Qb4+ Bc5 19.Qf4 Rd8 20.h3 h5 21.hxg4 
Bd6 22.g3 Qh3 23.Qf3 g5 24.Bg6 Bf4 25.Bxh5 1-0

[Event "Tournefeuille2-Muret"]
[Site "Tournefeuille"]
[Date "2006.11.26"]
[Round "2.1"]
[White "Tardif, Olivier"]
[Black "Carpentier, Jean-Christophe"]
[Result "1-0"]
[WhiteElo "1985"]
[BlackElo "2061"]
[EventDate "2006.??.??"]
[PlyCount "55"]

1.e4 d5 2.exd5 Qxd5 3.Nc3 Qa5 4.d4 Nf6 5.Bd2 c6 6.Nf3 Bf5 7.Bc4 Qc7 8.Ne5 
e6 9.Qe2 Bd6 10.g4 Bg6 11.O-O-O Nbd7 12.Nxg6 hxg6 13.g5 Nd5 14.Nxd5 cxd5 
15.Bxd5 O-O-O 16.Bb3 Rh5 17.h4 Rdh8 18.Rh3 Kb8 19.Rdh1 Nb6 20.Qf3 Nc8 21.
Kb1 a6 22.c4 Qe7 23.Bc3 R8h7 24.Bd1 f5 25.Qd3 Bc7 26.Bxh5 gxh5 27.Re1 g6 
28.Rhe3 1-0

[Event "Tournefeuille2 -Muret"]
[Site "Tournefeuille"]
[Date "2006.11.26"]
[Round "2.2"]
[White "Hervet, Gilles"]
[Black "Wehmeier, Manuel"]
[Result "1-0"]
[WhiteElo "2100"]
[BlackElo "1940"]
[EventDate "2006.??.??"]
[PlyCount "69"]

1.e4 e5 2.Nf3 f5 3.Nxe5 Qf6 4.d4 d6 5.Nc4 fxe4 6.Nc3 Qg6 7.Ne3 Nc6 8.Be2 
Nf6 9.Ncd5 Kd8 10.Nf4 Qg5 11.Ned5 Qf5 12.Nxf6 Qxf6 13.Be3 Ne7 14.h4 d5 15.
Nxd5 Qf5 16.Nc3 h6 17.Qd2 Bd7 18.g4 Qg6 19.h5 Qh7 20.O-O-O g5 21.hxg6 Qxg6
22.Bf4 Bg7 23.Qe3 Kc8 24.d5 a6 25.Qc5 Kd8 26.d6 cxd6 27.Rxd6 Qf7 28.Bg3 
Rc8 29.Qb6+ Ke8 30.Rhd1 Bxc3 31.Rxd7 Qxa2 32.Rxe7+ Kxe7 33.Qxb7+ Kf6 34.
Rd6+ Kg5 35.Qe7+ 1-0

[Event "Tarbes2/Colomiers2"]
[Site "Tarbes"]
[Date "2006.11.26"]
[Round "2"]
[White "Martinez, Benito"]
[Black "Artis, François"]
[Result "0-1"]
[WhiteElo "1770"]
[BlackElo "1830"]
[EventDate "2006.??.??"]
[PlyCount "88"]

1.e4 e6 2.Nf3 d5 3.exd5 exd5 4.d4 Nf6 5.Bg5 Be7 6.Bd3 Bg4 7.Nbd2 Nbd7 8.c3
O-O 9.Qc2 Re8 10.O-O h6 11.Bh4 c5 12.Bb5 a6 13.Bxd7 Nxd7 14.Bxe7 Qxe7 15.
Rae1 Qf6 16.Re3 Re6 17.Qb3 Rxe3 18.fxe3 Qe6 19.c4 dxc4 20.Nxc4 Bxf3 21.
Rxf3 cxd4 22.exd4 Rc8 23.Ne3 Qxb3 24.axb3 Nf6 25.Kf2 Rd8 26.Nc2 Nd5 27.Ke2
Kf8 28.Kd3 b5 29.g3 Ke7 30.Rf1 Rd6 31.Rf2 g6 32.h3 f5 33.Rf1 Kf6 34.g4 f4 
35.h4 g5 36.h5 Re6 37.Rf3 Ke7 38.Kd2 Kd6 39.Kd3 a5 40.Kd2 Nf6 41.Na3 Kc6 
42.Kd3 Nxg4 43.d5+ Kxd5 44.Nxb5 Ne5+ 0-1

[Event "Tarbes2/Colomiers2"]
[Site "Tarbes"]
[Date "2006.11.26"]
[Round "2"]
[White "Aznar, Georges"]
[Black "Maraval, Yves"]
[Result "0-1"]
[WhiteElo "1600"]
[BlackElo "1490"]
[EventDate "2006.??.??"]
[PlyCount "68"]

1.d4 d5 2.Nf3 Nf6 3.e3 c6 4.c4 Nbd7 5.Nc3 e6 6.a3 dxc4 7.Bxc4 b5 8.Bd3 Bb7
9.b4 Bd6 10.e4 e5 11.Bg5 h6 12.Bh4 O-O 13.Bg3 Re8 14.O-O a6 15.Bc2 Bc7 16.
Qe2 exd4 17.Bxc7 Qxc7 18.Nxd4 c5 19.Nf3 cxb4 20.Nd1 Nxe4 21.Qd3 Ndf6 22.
Re1 Rad8 23.Qb3 Nd2 24.Rxe8+ Rxe8 25.Nxd2 Re1+ 26.Nf1 Ng4 27.g3 Qc6 28.f3 
Qc5+ 29.Kg2 Re2+ 30.Kh1 Nf2+ 31.Nxf2 Qxf2 32.Bh7+ Kf8 33.Qxb4+ Ke8 34.Qe4+
Bxe4 0-1

[Event "R1-Tarbes2/Colomiers2"]
[Site "Tarbes"]
[Date "2006.11.26"]
[Round "2"]
[White "Ranc, Florian"]
[Black "Keguelin, Thierry"]
[Result "1-0"]
[WhiteElo "1380"]
[BlackElo "1499"]
[EventDate "2006.??.??"]
[Annotator ",Gérard"]
[PlyCount "73"]

1.b3 d5 2.e3 Nc6 3.Bb2 Nf6 4.Nf3 Bg4 5.Be2 e6 6.O-O Be7 7.d3 O-O 8.Nbd2 
Re8 9.a3 Bd6 10.c4 Qe7 11.Re1 Rad8 12.b4 b6 13.Rc1 Nb8 14.Qa4 c5 15.b5 e5 
16.cxd5 Nxd5 17.Qxg4 Rf8 18.Qa4 f5 19.Nc4 Bc7 20.Nfxe5 Qh4 21.Nf3 Qh6 22.
Nce5 Nd7 23.Nc6 Rde8 24.Qb3 Qe6 25.Bd1 Kh8 26.d4 N5f6 27.dxc5 bxc5 28.Bxf6
Nxf6 29.Qxe6 Rxe6 30.Rxc5 Ne4 31.Rc1 Bb6 32.Nfd4 Rd6 33.Bc2 g6 34.Bxe4 
fxe4 35.Ne2 Rd2 36.Ncd4 Kg7 37.Ne6+ 1-0

[Event "R1-Tarbes2/Colomiers2"]
[Site "Tarbes"]
[Date "2006.11.26"]
[Round "2"]
[White "Paradis, François"]
[Black "Bildstein, Gérard"]
[Result "0-1"]
[WhiteElo "1630"]
[BlackElo "1720"]
[EventDate "2006.??.??"]
[PlyCount "102"]

1.e4 d5 2.exd5 Nf6 3.d4 Bg4 4.Be2 Bxe2 5.Nxe2 Qxd5 6.O-O Nc6 7.Nbc3 Qf5 8.
Ng3 Qd7 9.Be3 O-O-O 10.Nce2 e6 11.c3 h5 12.Nf4 h4 13.Ngh5 Nxh5 14.Nxh5 e5 
15.Bg5 Be7 16.Bxe7 Qxe7 17.Qg4+ Kb8 18.Rfe1 Nxd4 19.cxd4 Rxd4 20.Qxd4 Rxh5
21.Qc3 h3 22.g3 f6 23.Rad1 Rh8 24.Rd3 Qe6 25.Red1 a6 26.Qb3 Qc6 27.Qd5 Qa4
28.a3 Qc2 29.b4 Qa4 30.Qd7 Qc2 31.Qxg7 Rc8 32.Qh6 Qc6 33.Qxh3 e4 34.Rd4 e3
35.fxe3 Re8 36.Rd8+ Rxd8 37.Rxd8+ Ka7 38.Rd1 Qc3 39.Qf1 Qxa3 40.b5 a5 41.
h4 Qe7 42.Qf3 a4 43.e4 b6 44.Qe3 Qe5 45.Qf4 Qc5+ 46.Qf2 Qxb5 47.Qxf6 Qb3 
48.Qf2 Qxd1+ 49.Kg2 Qc1 50.Qd4 a3 51.e5 Qb2+ 0-1

[Event "R1-Tarbes2/Colomiers2"]
[Site "Tarbes"]
[Date "2006.11.26"]
[Round "2"]
[White "Labarthe, François"]
[Black "Artis, Paul"]
[Result "1-0"]
[WhiteElo "1650"]
[BlackElo "1660"]
[EventDate "2006.??.??"]
[PlyCount "33"]

1.e4 d6 2.d4 Nf6 3.Nc3 g6 4.Be3 Bg7 5.Qd2 O-O 6.O-O-O Nc6 7.h3 e5 8.Nf3 
Re8 9.Bb5 a6 10.Bxc6 bxc6 11.dxe5 Nd7 12.exd6 Ne5 13.Nxe5 Bxe5 14.d7 Bxc3 
15.dxe8=Q+ Qxe8 16.Qxc3 Be6 17.Bh6 1-0

[Event "R1 Tarbes2/Colomiers2"]
[Site "Tarbes"]
[Date "2006.11.26"]
[Round "2"]
[White "Quatermain, Mark"]
[Black "Vasseur, Philippe"]
[Result "1-0"]
[WhiteElo "1499"]
[BlackElo "1580"]
[EventDate "2006.??.??"]
[PlyCount "151"]

1.d4 d5 2.c4 e6 3.Nc3 c6 4.e4 Bb4 5.e5 Qa5 6.Bd2 Nd7 7.Qg4 g6 8.Bd3 f5 9.
Qg3 Nb6 10.h4 Bd7 11.h5 Ne7 12.hxg6 Nxg6 13.Nge2 O-O-O 14.Bg5 Be7 15.Bxe7 
Nxe7 16.Qg7 Ng6 17.c5 Rhg8 18.Qh6 Na4 19.Qd2 Nxc3 20.Nxc3 Ne7 21.f4 Rg3 
22.Kf2 Rdg8 23.Rag1 Qb4 24.Bf1 R3g7 25.Rh3 Be8 26.a3 Qa5 27.b4 Qc7 28.a4 
Rg4 29.Rxh7 Qd8 30.Be2 R4g7 31.Rh3 Ng6 32.Bf1 Qc7 33.Rgh1 Nf8 34.Rh8 Qf7 
35.Rxg8 Qxg8 36.Rh3 Rh7 37.Rxh7 Qxh7 38.Kg1 Qh4 39.Qf2 Qh6 40.g3 Bh5 41.
Qh2 Qg6 42.Qh4 Nd7 43.Kf2 Bg4 44.b5 Kc7 45.bxc6 bxc6 46.Qe7 Qh5 47.Qd6+ 
Kd8 48.Kg1 Bh3 49.Be2 Bg4 50.Bxg4 fxg4 51.Qxe6 Qh7 52.f5 Qg7 53.Qg6 Qf8 
54.Qxg4 Nxe5 55.Qf4 Nf7 56.Qb8+ Ke7 57.Qc7+ Kf6 58.Qxc6+ Kxf5 59.Qxd5+ Kg6
60.Qe6+ Kg7 61.Ne4 Qb8 62.Qf6+ Kg8 63.Qg6+ Kf8 64.Nd6 Nh8 65.Qh7 Qb2 66.
Qxh8+ Ke7 67.Qe8+ Kf6 68.Qf7+ Kg5 69.Qg7+ Kh5 70.g4+ Kh4 71.Nf5+ Kh3 72.
Qh6+ Kxg4 73.Ne3+ Kf3 74.Qh3+ Ke4 75.Qg2+ Qxg2+ 76.Kxg2 1-0

[Event "R1 Castel-Cahors"]
[Site "Castellaneta ITA"]
[Date "2006.11.26"]
[Round "2"]
[White "Thamier, Stephan"]
[Black "Dirat, Sylvain"]
[Result "1-0"]
[WhiteElo "1900"]
[BlackElo "1800"]
[EventDate "2006.??.??"]
[PlyCount "87"]

1.e4 e5 2.Bc4 Bc5 3.Nc3 Nf6 4.d3 d6 5.Nf3 Nc6 6.Bg5 h6 7.Be3 Bxe3 8.fxe3 
Bg4 9.h3 Bh5 10.g4 Bg6 11.Nd5 Na5 12.Bb5+ c6 13.Nxf6+ Qxf6 14.Ba4 b5 15.
Bb3 Nxb3 16.axb3 h5 17.g5 Qe6 18.Qe2 O-O 19.h4 d5 20.exd5 cxd5 21.O-O-O e4
22.dxe4 Bxe4 23.Nd4 Qa6 24.Rh2 g6 25.Kb1 Rab8 26.Rf2 Rb6 27.Qd2 b4 28.Rdf1
Bg2 29.Rd1 Be4 30.Rdf1 Bg2 31.Re1 Be4 32.Qe2 Qa5 33.Rf6 Rfb8 34.Nc6 Rxc6 
35.Rxc6 d4 36.Rc4 Re8 37.Rxd4 Qc5 38.Qc4 Qf5 39.Qxb4 Bxc2+ 40.Kc1 Rc8 41.
Rc4 Bd3 42.Rxc8+ Qxc8+ 43.Qc3 Qf5 44.Rd1 1-0

[Event "R1 Castel-Cahors"]
[Site "Castellaneta ITA"]
[Date "2006.11.26"]
[Round "2"]
[White "Rouqual, Guy"]
[Black "Vainguier, Guillaume"]
[Result "0-1"]
[WhiteElo "1770"]
[BlackElo "1810"]
[EventDate "2006.??.??"]
[PlyCount "70"]

1.d4 d5 2.Nf3 Nf6 3.e3 Bg4 4.Bd3 Nbd7 5.Nbd2 e6 6.e4 Nb6 7.e5 Nfd7 8.O-O 
c5 9.c3 Be7 10.Qc2 Bh5 11.h3 c4 12.Be2 Bg6 13.Qd1 Qc7 14.Nh2 O-O 15.Ndf3 
h6 16.Ng4 f5 17.Nxh6+ gxh6 18.Bxh6 Rf7 19.Qd2 Rh7 20.Qf4 Nf8 21.h4 Bh5 22.
g3 Ng6 23.Qe3 Qd8 24.Bg5 Bxf3 25.Bxf3 Bxg5 26.hxg5 Qe7 27.Kg2 Rf8 28.Rh1 
Rxh1 29.Rxh1 f4 30.Qc1 Qxg5 31.Rh5 Qe7 32.Qh1 fxg3 33.Kxg3 Qf7 34.Bg4 
Qxf2+ 35.Kh3 Nf4# 0-1

[Event "R1 Castel-Cahors"]
[Site "Castellaneta ITA"]
[Date "2006.11.26"]
[Round "2"]
[White "Riviere, Frederic"]
[Black "Van Hall, Pieter"]
[Result "0-1"]
[WhiteElo "1840"]
[BlackElo "1850"]
[EventDate "2006.??.??"]
[PlyCount "108"]

1.d4 d5 2.c4 c6 3.Nc3 Nf6 4.e3 Bf5 5.Nf3 e6 6.Qb3 Qc7 7.cxd5 exd5 8.Bd2 
Bd6 9.Rc1 a6 10.Be2 Nbd7 11.O-O O-O 12.Rfe1 Qb6 13.Qxb6 Nxb6 14.b3 Ba3 15.
Ra1 Bb2 16.Rad1 Bc2 17.Ne5 Bxd1 18.Rxd1 Ba3 19.Nd3 Bd6 20.Nc5 Bxc5 21.dxc5
Nbd7 22.b4 Rfe8 23.Bc1 Rad8 24.Bb2 Ne5 25.Rd4 Ned7 26.g3 Ne4 27.Nd1 Nf8 
28.Kg2 Rd7 29.a4 Red8 30.f3 Nf6 31.b5 Ne6 32.Rb4 axb5 33.axb5 Nxc5 34.Bd4 
Ne6 35.Bb6 Rc8 36.Nc3 c5 37.Rb2 Rd6 38.Na4 Nd7 39.Ba7 Ra8 40.b6 Rc8 41.Nc3
d4 42.Nb5 Rdc6 43.Rd2 Nf6 44.exd4 cxd4 45.Bd3 Kf8 46.h4 h6 47.Bf5 Ke7 48.
Nc7 d3 49.Kf2 Rc2 50.Ke1 Rxd2 51.Kxd2 Nc5 52.Nb5 Nb3+ 53.Ke3 d2 54.Nc3 
Nd5+ 0-1

[Event "R1 Castel-Cahors"]
[Site "Castellaneta ITA"]
[Date "2006.11.26"]
[Round "2"]
[White "Houmeau, Dominique"]
[Black "Cebollero, Daniel"]
[Result "0-1"]
[WhiteElo "1550"]
[BlackElo "1620"]
[EventDate "2006.??.??"]
[PlyCount "145"]

1.e4 c6 2.d4 d5 3.exd5 cxd5 4.Bd3 Nc6 5.c3 Nf6 6.Be3 e6 7.Nd2 Bd6 8.Ngf3 
Ng4 9.O-O Nxe3 10.fxe3 O-O 11.e4 Bf4 12.Qe2 f5 13.e5 Bd7 14.Kh1 Be8 15.Ng1
Bg5 16.Nh3 Bg6 17.Nf4 Bxf4 18.Rxf4 Qg5 19.Raf1 Ne7 20.Bb5 Rad8 21.R4f2 Bh5
22.Qe1 Ng6 23.Nf3 Qh6 24.g3 f4 25.Ng1 fxg3 26.Rxf8+ Rxf8 27.Rxf8+ Kxf8 28.
Qxg3 Nf4 29.Qf2 Bg6 30.Ne2 Be4+ 31.Kg1 g5 32.Nxf4 gxf4 33.Be2 Qg5+ 34.Kf1 
Qf5 35.Ke1 f3 36.Bd1 h5 37.a4 b6 38.b3 Qg4 39.Qg3 Qf5 40.Kf2 Bc2 41.Bxf3 
Bxb3 42.Ke3 Bxa4 43.Qf4 Qxf4+ 44.Kxf4 Be8 45.Ke3 Kg7 46.Be2 Kg6 47.c4 dxc4
48.Bxc4 Bf7 49.Kf4 Kh6 50.h4 Kg6 51.Ke4 a5 52.Bb5 Kh6 53.Kd3 Bg6+ 54.Kc4 
Be4 55.Bd7 Bd5+ 56.Kb5 Kg6 57.Kxb6 Kf5 58.Kxa5 Kg4 59.Kb5 Kxh4 60.Kc5 Kg3 
61.Kd6 h4 62.Bxe6 Bxe6 63.Kxe6 h3 64.Kd7 h2 65.e6 h1=Q 66.Kd6 Kf4 67.e7 
Qe4 68.Kd7 Qxd4+ 69.Kc7 Qe5+ 70.Kd8 Qd6+ 71.Ke8 Kf5 72.Kf7 Qf6+ 73.Ke8 0-1

[Event "R1 Castel-Cahors"]
[Site "Castellaneta ITA"]
[Date "2006.11.26"]
[Round "2"]
[White "Haddab, Roland"]
[Black "Delmas, Jean"]
[Result "1-0"]
[WhiteElo "1630"]
[BlackElo "1760"]
[EventDate "2006.??.??"]
[PlyCount "95"]

1.e4 e5 2.f4 exf4 3.Nf3 d6 4.Bc4 h6 5.Nc3 g5 6.h3 Nc6 7.a3 Bg7 8.d4 Bd7 9.
Bd2 Qe7 10.Bd3 Nxd4 11.Nxd4 Bxd4 12.Nd5 Qd8 13.Bc3 Be5 14.Bxe5 dxe5 15.Qd2
c6 16.Nc3 Qe7 17.O-O-O O-O-O 18.Qf2 Kb8 19.Rd2 Nf6 20.Rhd1 g4 21.Bf1 gxh3 
22.gxh3 Nh5 23.Qf3 Nf6 24.Bc4 Be6 25.Rxd8+ Rxd8 26.Bxe6 Rxd1+ 27.Qxd1 fxe6
28.Qe1 Nh5 29.Ne2 Qd8 30.Qc3 Qd6 31.Qf3 Nf6 32.Nc3 Qd4 33.Kb1 Qg1+ 34.Ka2 
Qg3 35.Qd1 Kc7 36.Qf1 f3 37.Qc4 Qxh3 38.Nb5+ Kd8 39.Qd3+ Nd7 40.Nd6 Ke7 
41.Nxb7 Kf6 42.Qxd7 Kg5 43.Qg7+ Kf4 44.Nc5 Ke3 45.Qxe5 Qf1 46.Nd3 Qg2 47.
Qc5+ Ke2 48.Nf4+ 1-0

[Event "R1 Castel-Cahors"]
[Site "Castellaneta ITA"]
[Date "2006.11.26"]
[Round "2"]
[White "Catala, Laurent"]
[Black "Nivat, Alain"]
[Result "1-0"]
[WhiteElo "1883"]
[BlackElo "1873"]
[EventDate "2006.??.??"]
[PlyCount "57"]

1.e4 e5 2.Nf3 Nc6 3.Bc4 Nf6 4.Ng5 d5 5.exd5 Na5 6.d3 h6 7.Nf3 e4 8.Qe2 
Nxc4 9.dxc4 Be7 10.Nfd2 O-O 11.O-O Bg4 12.Qe3 Bf5 13.Nc3 Bd6 14.h3 b6 15.
Nb3 a6 16.Ne2 Nd7 17.Ned4 Bh7 18.Nc6 Qh4 19.Nbd4 f5 20.f4 g5 21.Qf2 Qh5 
22.fxg5 hxg5 23.Ne6 Rf6 24.Bxg5 Rxe6 25.dxe6 Qxg5 26.exd7 Bc5 27.Nd4 e3 
28.Qf4 Qf6 29.c3 1-0

[Event "R1 - Tournefeuille / Lardenne "]
[Site "Tournefeuille"]
[Date "2006.11.26"]
[Round "2"]
[White "Thiercelin, Louis"]
[Black "Moisselin-Stoll, Simon"]
[Result "1-0"]
[WhiteElo "1290"]
[BlackElo "1390"]
[EventDate "2006.??.??"]
[PlyCount "113"]
[WhiteTeam "Lardenne"]
[BlackTeam "Tournefeuille"]

1.Nf3 d5 2.c4 e6 3.d4 Nf6 4.Bg5 h6 5.Bxf6 Qxf6 6.e3 c5 7.Nc3 Bd6 8.cxd5 
cxd4 9.Nxd4 e5 10.Nf3 Bg4 11.Be2 Bb4 12.Qa4+ Nc6 13.dxc6 Bxc3+ 14.bxc3 
bxc6 15.O-O Qg6 16.Rfe1 Bh3 17.g3 Qf6 18.Qe4 O-O 19.Bd3 g6 20.Bf1 Bf5 21.
Qxe5 Qxe5 22.Nxe5 c5 23.Bc4 Bh3 24.Nxg6 Rfe8 25.Red1 Kg7 26.Nf4 Bg4 27.Be2
Bf5 28.Rd6 Rab8 29.Nh5+ Kf8 30.Rxh6 Bg6 31.Rh8+ Ke7 32.Rxe8+ Kxe8 33.f4 
Rb2 34.Bf3 Rc2 35.Nf6+ Ke7 36.Nd5+ Kd6 37.h4 Bf5 38.g4 Bxg4 39.Bxg4 Kxd5 
40.h5 Rxc3 41.h6 Rxe3 42.h7 Re8 43.Kg2 Ke4 44.Rh1 Rh8 45.f5 c4 46.Be2 c3 
47.Bd1 Kd3 48.Kg3 a5 49.Kg4 c2 50.Bxc2+ Kxc2 51.Kg5 a4 52.Kf6 a3 53.Kg7 
Rb8 54.h8=Q Rxh8 55.Kxh8 Kb2 56.Kg7 Kxa2 57.Kxf7 1-0

[Event "R1 - Tournefeuille / Lardenne "]
[Site "Tournefeuille"]
[Date "2006.11.26"]
[Round "2"]
[White "Strub, Bruno"]
[Black "Guerreiro, Laurent"]
[Result "0-1"]
[WhiteElo "1380"]
[BlackElo "1610"]
[EventDate "2006.??.??"]
[PlyCount "86"]
[WhiteTeam "Lardenne"]
[BlackTeam "Tournefeuille"]

1.e4 e6 2.d4 d5 3.Nd2 Nf6 4.e5 Nfd7 5.Ngf3 c5 6.c3 Nc6 7.Be2 Qb6 8.Nb3 
cxd4 9.cxd4 Be7 10.O-O O-O 11.a3 a5 12.Be3 a4 13.Nc1 Qxb2 14.Nd3 Qb6 15.
Nf4 Re8 16.h3 Nf8 17.Nh5 Bd7 18.Bg5 Na5 19.Bxe7 Rxe7 20.Qd3 Nb3 21.Ng5 
Qxd4 22.Qxd4 Nxd4 23.Bd3 Bb5 24.Rad1 Rc7 25.Nf4 Bxd3 26.Rxd3 Nb3 27.Ne2 b5
28.Nc3 Nd4 29.Nf3 Rxc3 30.Rxd4 Rxa3 31.Rc1 Rb3 32.Nd2 Rb2 33.Nb1 b4 34.Rd2
Rxd2 35.Nxd2 Nd7 36.f4 b3 37.Rb1 Nb6 38.Kf2 Nc4 39.Ke2 Nxd2 40.Kxd2 Rc8 
41.Rc1 Rxc1 42.Kxc1 a3 43.Kb1 d4 0-1

[Event "R1 - Tournefeuille / Lardenne "]
[Site "Tournefeuille"]
[Date "2006.11.26"]
[Round "2"]
[White "Reynes, Philippe"]
[Black "Jacquart, Christian"]
[Result "0-1"]
[WhiteElo "1840"]
[BlackElo "1870"]
[EventDate "2006.??.??"]
[PlyCount "52"]
[WhiteTeam "Lardenne"]
[BlackTeam "Tournefeuille"]

1.e4 c6 2.d3 d5 3.exd5 cxd5 4.Nc3 Nf6 5.Nf3 Bg4 6.h3 Bh5 7.Be2 Nc6 8.O-O 
e6 9.Ne1 Bg6 10.Nf3 Rc8 11.Nh4 Bd6 12.Re1 Nd4 13.Nxg6 hxg6 14.Bg5 Qa5 15.
Bxf6 gxf6 16.a3 Kf8 17.Bf1 Qd8 18.g3 f5 19.Bg2 f4 20.g4 f3 21.Bxf3 Rxh3 
22.Bg2 Qh4 23.Bxh3 Qxh3 24.f4 Bxf4 25.Re2 Nxe2+ 26.Qxe2 Be3+ 0-1

[Event "R1 - Tournefeuille / Lardenne "]
[Site "Tournefeuille"]
[Date "2006.11.26"]
[Round "2"]
[White "Moruzzi, Gérard"]
[Black "Foing, Marc"]
[Result "1-0"]
[WhiteElo "1499"]
[BlackElo "1390"]
[EventDate "2006.??.??"]
[PlyCount "75"]
[WhiteTeam "Tournefeuille"]
[BlackTeam "Lardenne"]

1.e4 e5 2.Nf3 Nc6 3.Bc4 Bc5 4.O-O Nf6 5.d3 d6 6.Bg5 h6 7.Bh4 g5 8.Bg3 Bg4 
9.c3 Qd7 10.Nbd2 O-O-O 11.b4 Bb6 12.a4 a6 13.b5 Na5 14.bxa6 Nxc4 15.axb7+ 
Kxb7 16.Nxc4 Ra8 17.a5 Ba7 18.a6+ Kc8 19.Na5 Qb5 20.Nb7 Bb6 21.c4 Qc6 22.
Qb3 Bxf3 23.gxf3 Bd4 24.Rab1 Rxa6 25.Nxd6+ Kd7 26.Nxf7 Re8 27.Nxh6 Nh5 28.
Nf5 Nxg3 29.Nxg3 Rb6 30.Qc2 Reb8 31.Rxb6 Qxb6 32.Nf5 Rh8 33.Rb1 Bxf2+ 34.
Kg2 Qa7 35.Qb3 Bb6 36.Qb5+ Ke6 37.Qd5+ Kf6 38.Qc6+ 1-0

[Event "R1 - Tournefeuille / Lardenne "]
[Site "Tournefeuille"]
[Date "2006.11.26"]
[Round "2"]
[White "Garrel, Pascal"]
[Black "Crespin, Philippe"]
[Result "1-0"]
[WhiteElo "1693"]
[BlackElo "1490"]
[EventDate "2006.??.??"]
[PlyCount "79"]
[WhiteTeam "Tournefeuille"]
[BlackTeam "Lardenne"]

1.c4 e5 2.Nc3 Nc6 3.Nf3 Nf6 4.d4 exd4 5.Nxd4 Nxd4 6.Qxd4 Be7 7.Bg5 O-O 8.
e3 c5 9.Qd1 d6 10.Be2 Bf5 11.O-O h6 12.Bf4 a6 13.Bf3 Rb8 14.Nd5 Nxd5 15.
Qxd5 Bg6 16.Rad1 Qb6 17.Rd2 Rfd8 18.Rfd1 Bf8 19.b3 Qc7 20.Bh5 Bxh5 21.Qxh5
b5 22.cxb5 Rxb5 23.Qg4 Kh8 24.Qg3 Rb6 25.e4 f6 26.e5 fxe5 27.Bxe5 Re8 28.
Bc3 Qe7 29.h3 Rc6 30.Rd5 Qd7 31.Rh5 Re6 32.Qf4 Kg8 33.Rf5 Qe7 34.Rd3 Rc8 
35.Rg3 Re4 36.Qxh6 Rc7 37.Bf6 Qd7 38.Rh5 Kf7 39.Qg6+ Ke6 40.Bh4# 1-0

[Event "R1 - Tournefeuille / Lardenne "]
[Site "Tournefeuille"]
[Date "2006.11.26"]
[Round "2"]
[White "Devos, Hervé"]
[Black "Parpinel, Mario"]
[Result "1/2-1/2"]
[WhiteElo "1877"]
[BlackElo "1860"]
[EventDate "2006.??.??"]
[PlyCount "102"]
[WhiteTeam "Tournefeuille"]
[BlackTeam "Lardenne"]

1.e4 e5 2.Nf3 Nc6 3.d4 exd4 4.c3 d5 5.exd5 Qxd5 6.cxd4 Bg4 7.Be2 Bb4+ 8.
Nc3 Bxf3 9.Bxf3 Qc4 10.Bxc6+ bxc6 11.Qe2+ Qxe2+ 12.Kxe2 Kd7 13.Be3 Nf6 14.
Rac1 Rhe8 15.Kd3 Nd5 16.Ne4 Rab8 17.a3 f5 18.Ng5 Be7 19.Nf3 Bf6 20.b4 g5 
21.Rhe1 h6 22.g3 a5 23.Bd2 Rxe1 24.Rxe1 axb4 25.Rb1 Ra8 26.Bxb4 g4 27.Ne5+
Bxe5 28.dxe5 Ke6 29.Rc1 Ra6 30.Kd4 h5 31.Rc5 Nxb4 32.axb4 Rb6 33.Kc4 Kd7 
34.Ra5 Ke6 35.Rc5 Kd7 36.Ra5 Ke6 37.Ra8 Kxe5 38.Rh8 Rb5 39.Rxh5 Ke4 40.Rh6
Rb6 41.Re6+ Kf3 42.Rf6 Kxf2 43.Rxf5+ Kg2 44.Rg5 Kh3 45.Rh5+ Kg2 46.Rg5 Kh3
47.Rg7 Rb7 48.Rg6 Rb6 49.Rg7 Rb7 50.Rh7+ Kg2 51.Rg7 Kh3 1/2-1/2

[Event "R1 - Muret3 / Auch"]
[Site "Muret FRA"]
[Date "2006.11.26"]
[Round "2"]
[White "Verges, Jean"]
[Black "Fora, Jean-Paul"]
[Result "0-1"]
[WhiteElo "1780"]
[BlackElo "1650"]
[EventDate "2006.??.??"]
[PlyCount "126"]

1.d4 e6 2.Nf3 f5 3.c4 Nf6 4.Nc3 d5 5.g3 c6 6.Bg2 Bd6 7.O-O O-O 8.e3 Nbd7 
9.Nd2 Ne4 10.Qb3 Rf6 11.f3 Nxg3 12.hxg3 Bxg3 13.Ne2 Bh4 14.f4 Rh6 15.Nf3 
Qe8 16.Nxh4 Rxh4 17.Rf3 Qg6 18.Qd1 Nf6 19.Rg3 Rg4 20.Kf2 Rxg3 21.Nxg3 Ng4+
22.Kf3 Bd7 23.Qe2 dxc4 24.e4 c5 25.exf5 Bc6+ 26.Ne4 exf5 27.Qxc4+ Kh8 28.
Ke2 Bxe4 29.Bxe4 fxe4 30.Qxc5 Qa6+ 31.Ke1 Qd3 32.d5 Rd8 33.Bd2 Qxd5 34.
Qxd5 Rxd5 35.Rc1 h6 36.Ke2 Rd7 37.Rc4 Nf6 38.Bc3 Re7 39.Bb4 Rd7 40.Bc3 Re7
41.Bb4 Rf7 42.Ke3 Nd5+ 43.Kxe4 Nxf4 44.Bd6 Ng6 45.Ra4 a6 46.Ra5 Kh7 47.Ra3
Rd7 48.Kd5 Nf8 49.Re3 Kg8 50.Re8 Rf7 51.Rb8 g5 52.Ke5 g4 53.Bxf8 Rxf8 54.
Rxb7 h5 55.Rb6 Kg7 56.Ke4 g3 57.Rb3 h4 58.Rb7+ Kg6 59.Rb6+ Kg5 60.Rb7 Kg4 
61.Rg7+ Kh3 62.b4 g2 63.a4 Kh2 0-1

[Event "R1 - Muret3 / Auch"]
[Site "Muret FRA"]
[Date "2006.11.26"]
[Round "2"]
[White "Rahal, Samy"]
[Black "Rouede, Gilbert"]
[Result "0-1"]
[WhiteElo "1800"]
[BlackElo "1822"]
[EventDate "2006.??.??"]
[PlyCount "66"]

1.d4 d5 2.Bf4 Nf6 3.e3 Nbd7 4.Nf3 e6 5.Nbd2 c5 6.c3 Be7 7.Qc2 O-O 8.Be2 
Re8 9.O-O-O cxd4 10.exd4 Nh5 11.Be3 Bd6 12.Ng5 Nhf6 13.h4 Nf8 14.f4 a6 15.
Ngf3 Ng4 16.Qd3 Bd7 17.Ne5 Bb5 18.c4 dxc4 19.Qc3 Nxe3 20.Qxe3 c3 21.Bxb5 
cxd2+ 22.Rxd2 axb5 23.b3 Qa5 24.g4 Rec8+ 25.Kd1 Qc3 26.Qe4 Bb4 27.Rf2 Qa1+
28.Ke2 Rxa2+ 29.Ke3 Qc3+ 30.Nd3 Rxf2 31.Kxf2 Qxb3 32.d5 exd5 33.Qxb4 Qxd3 
0-1

[Event "R1 - Muret3 / Auch"]
[Site "Muret FRA"]
[Date "2006.11.26"]
[Round "2"]
[White "Pokee, Michèle"]
[Black "Callejon, Bernard"]
[Result "0-1"]
[WhiteElo "1300"]
[BlackElo "1560"]
[EventDate "2006.??.??"]
[PlyCount "122"]

1.e4 e5 2.Nf3 Nc6 3.d4 exd4 4.Nxd4 Nxd4 5.Qxd4 d6 6.Bc4 Nf6 7.Bg5 Be7 8.
Nc3 O-O 9.O-O-O a6 10.Rhe1 h6 11.Bh4 Nd7 12.Bg3 b5 13.Bd5 Rb8 14.Bc6 Bb7 
15.Bxb7 Rxb7 16.f4 Nb6 17.e5 dxe5 18.Qxd8 Bxd8 19.fxe5 c6 20.Bf2 Bc7 21.
Bxb6 Rxb6 22.Rd7 Bd8 23.Red1 Bg5+ 24.Kb1 Bf4 25.g3 Bxe5 26.Ne4 a5 27.Nc5 
a4 28.Rd8 Rb8 29.Rxf8+ Rxf8 30.Nd7 Rd8 31.Kc1 Bc7 32.Nc5 Rxd1+ 33.Kxd1 f5 
34.Ne6 Bb6 35.Ke2 Kf7 36.Nf4 Bd8 37.c3 Be7 38.Kd3 g5 39.Nh3 c5 40.Ng1 Bd8 
41.Nf3 Kf6 42.h3 h5 43.Ke3 Bc7 44.Kf2 g4 45.hxg4 hxg4 46.Nh2 Be5 47.Nf1 b4
48.cxb4 Bxb2 49.bxc5 Bd4+ 50.Kg2 Bxc5 51.Nd2 Ke6 52.Nc4 Kd5 53.Na5 Bb4 54.
Nb7 Kc4 55.Nd8 Kc3 56.Nc6 Bd6 57.Na5 Bf8 58.Kf2 Kb2 59.Nc4+ Kxa2 60.Ke3 
Kb3 61.Kd3 Bb4 0-1

[Event "R1 - Muret3 / Auch"]
[Site "Muret FRA"]
[Date "2006.11.26"]
[Round "2"]
[White "Le Digabel, Patrick"]
[Black "Bougouin, Blaise"]
[Result "1-0"]
[WhiteElo "1670"]
[BlackElo "1550"]
[EventDate "2006.??.??"]
[PlyCount "67"]

1.e4 e5 2.Nf3 d6 3.Bc4 Be6 4.Bb5+ c6 5.Be2 Be7 6.c3 Qd7 7.d4 exd4 8.cxd4 
Bg4 9.Nc3 Qd8 10.h3 Bh5 11.O-O Nd7 12.b3 Bf6 13.Ba3 Qc7 14.Rc1 Ne7 15.Nb5 
Qa5 16.Nxd6+ Kf8 17.Nc4 Qd8 18.Qd3 Kg8 19.e5 Bxf3 20.Qxf3 Bg5 21.Rcd1 Nc8 
22.d5 c5 23.e6 Nf6 24.exf7+ Kxf7 25.Ne5+ Kg8 26.Bc4 Nd6 27.Bxc5 b6 28.Bxd6
Qxd6 29.Qf5 Bh6 30.Qe6+ Qxe6 31.dxe6 Kf8 32.Rfe1 Bf4 33.Nf7 b5 34.e7+ 1-0